Operation and maintenance of sewage treatment plants

Αποθηκεύτηκε σε:
Λεπτομέρειες βιβλιογραφικής εγγραφής
Κύριος συγγραφέας: Cameron, William W.
Άλλοι συγγραφείς: Cross, Frank L.
Μορφή: Βιβλίο
Γλώσσα:English
Δημοσίευση: Westport : Technomic , c1976
Θέματα:
Ετικέτες: Προσθήκη ετικέτας
Δεν υπάρχουν, Καταχωρήστε ετικέτα πρώτοι!

MARC

LEADER 00000nam a2200000 i 4500
001 1/77259
008 970212s1976 eng d
020 |a 0-87762-212-4 
035 |l 10004228 
040 |a GR-MY-UA  |b gre  |e aacr 
041 0 |a eng 
082 0 |a 363.61 
100 1 |a Cameron, William W. 
245 1 0 |a Operation and maintenance of sewage treatment plants /  |c William Cameron and Frank L. Cross 
260 |a Westport :   |b Technomic ,   |c c1976 
300 |a 338 p.;  |b ill.;  |c 23 cm 
504 |a Includes bibliographical references 
650 0 0 |a Sewage disposal plants  |x Management. 
650 0 0 |a Sewage disposal plants  |x Maintenance and repair. 
700 1 |a Cross, Frank L. 
852 |a INST  |b LESVOS  |e 19970212  |h 363.61 CAM  |p 005100012074  |q 005100012074  |t BK  |y 0 
909 |a Λ  |b 005256